000 00609nam a2200181Ia 4500
008 151202s9999||||xx |||||||||||||| ||und||
082 _bPNVM-49945
100 _aअर्नाळकर बाबुराव.
245 _aझुंजारच्या तळघरात.
260 _b---
260 _c0
300 _a0
600 _aअर्नाळकर बाबुराव.
630 _aझुंजारच्या तळघरात.
700 _aअर्नाळकर बाबुराव.
730 _aझुंजारच्या तळघरात.
942 _cBOOK
999 _c1316432
_d1316429